Study Guide to Accompany Craven and Hirnle's Fundamentals of nursing: (Record no. 13597)
[ view plain ]
| 000 -LEADER | |
|---|---|
| fixed length control field | 00854nam a22001937a 4500 |
| 008 - FIXED-LENGTH DATA ELEMENTS--GENERAL INFORMATION | |
| fixed length control field | 100307s2007 pau|||||r|||| 000 0 eng d |
| 020 ## - INTERNATIONAL STANDARD BOOK NUMBER | |
| International Standard Book Number | 0781774764 |
| 082 ## - DEWEY DECIMAL CLASSIFICATION NUMBER | |
| Edition number | 22 |
| Classification number | 610.73 |
| Item number | JOH |
| 100 ## - MAIN ENTRY--PERSONAL NAME | |
| 9 (RLIN) | 12313 |
| Personal name | Johnson, Joyce Young |
| 245 ## - TITLE STATEMENT | |
| Title | Study Guide to Accompany Craven and Hirnle's Fundamentals of nursing: |
| Remainder of title | Human Health and Function / |
| Statement of responsibility, etc | Joyce Young Johnson, Bennita W. Vaughans & Phyllis Prather-Hicks |
| 250 ## - EDITION STATEMENT | |
| Edition statement | 5th ed. |
| 260 ## - PUBLICATION, DISTRIBUTION, ETC. (IMPRINT) | |
| Place of publication, distribution, etc | Philadelphia : |
| Name of publisher, distributor, etc | Lippincott, 2007 |
| Date of publication, distribution, etc | 2007 |
| 300 ## - PHYSICAL DESCRIPTION | |
| Extent | 260p. ; |
| Dimensions | 27 cm. |
| 650 ## - SUBJECT ADDED ENTRY--TOPICAL TERM | |
| 9 (RLIN) | 12109 |
| Topical term or geographic name as entry element | Nursing. |
| 700 ## - ADDED ENTRY--PERSONAL NAME | |
| 9 (RLIN) | 12312 |
| Personal name | Vaughans, Bennita W. |
| 700 ## - ADDED ENTRY--PERSONAL NAME | |
| 9 (RLIN) | 12314 |
| Personal name | Prather-Hicks, Phyllis |
| 942 ## - ADDED ENTRY ELEMENTS (KOHA) | |
| Source of classification or shelving scheme | Dewey Decimal Classification |
| Item type | |
| Withdrawn status | Item status | Source of classification or shelving scheme | Damaged status | Not for loan | Vendor | Home library | Current library | Shelving location | Date acquired | Source of acquisition | Cost, normal purchase price | Serial Enumeration / chronology | Total Checkouts | Total Renewals | Full call number | Barcode | Date last seen | Date last borrowed | Koha item type |
|---|---|---|---|---|---|---|---|---|---|---|---|---|---|---|---|---|---|---|---|
| Dewey Decimal Classification | Academic Bookshop | Central Library | Central Library | First floor | 07/03/2010 | 137.70 | 3698 | 10 | 6 | 610.73 JOH | 000020108 | 15/07/2025 | 27/09/2023 | Book - Borrowing |